000 00954nam a22001697a 4500
003 OSt
005 20250811101728.0
008 250811b |||||||| |||| 00| 0 eng d
041 _aEnglish
082 _aCR/CLNR/25 Acc No:11,865
110 _aParliament of Ghana
245 _aIn the second meeting of the first session of the ninth parliament of the fourth republic of Ghana. Report of the committee on lands and natural resources on mining lease agreement between government of the republic of Ghana and newmont golden ridge limited for the mining of gold at Akyem west and Akyem east in the Birim north district of the eastern region
260 _aAccra-Osu
_bParliament of Ghana
_cJuly,2025
300 _a10p;
650 _2Mining lease agreement between government of the republic of Ghana and newmont golden ridge limited for the mining of gold at Akyem west and Akyem east in the Birim north district of the eastern region
942 _2ddc
_cCR
_n0
999 _c5696
_d5696